• 首页
  • 本馆介绍
  • 公告通知
  • 最新文献
  • 馆藏检索
  • 电子资源
  • 读者导购
  • 参考咨询
  • 我的图书馆
  • 登录
  • 详细信息显示
  • 放入我的书架
  • 预约/预借图书
  • 作者相关作品
  • 分类相关作品
  • 丛书相关作品
  • 出版社相关作品

书目信息

  • 表格格式
  • 工作单格式
  • 卡片格式
题名:
论财政制度改革
    
 
作者: ;中国财政学会 编
分册:  
出版信息: 北京   中国财政经济出版社  1981
页数: 174页
开本: 21cm
丛书名:
单 册:
中图分类: F812.2
科图分类:
主题词: 财政制度-经济体制改革--中国 , 经济体制改革-财政制度--中国
电子资源:
ISBN:
000 00750nam0 2200241 45
001 0181007338
005 20060426161528.46
010    @dCNY0.65
091    @a4166.302
100    @a19950523d1981 em y0chiy0121 ea
101 0  @achi
102    @aCN@b110000
105    @ay z 000yy
200 10 @a论财政制度改革@Alun cai zheng zhi du gai ge@e第四次全国财政理论讨论会文选@f中国财政学会编@Fzhong guo cai zheng xue hui bian
210    @a北京@c中国财政经济出版社@d1981
215    @a174页@d21cm
606    @a财政制度-经济体制改革@y中国
606    @a经济体制改革-财政制度@y中国
690    @aF812.2@v3
711 02 @a中国财政学会@Azhong guo cai zheng xue hui@4编
801  2 @aCN@bNLC@c20060426
801  0 @aCN@b上海图书馆@c20040430
905    @dF812.2@e6
    
    论财政制度改革:第四次全国财政理论讨论会文选/中国财政学会编.-北京:中国财政经济出版社,1981
    174页;21cm
    
    
    ISBN :CNY0.65
    
●
相关链接 在E读中查询图书 在五车中查询图书 在当当中查询图书 在豆瓣中查询图书


正题名:论财政制度改革     索取号:F812.2/6         预约/预借

序号 登录号 条形码 馆藏地/架位号 状态 备注
1 0055875   202291803   密集书库/ [索取号:F812.2/6] 在馆    
2 0055876   000490793   第一样本阅览室/ [索取号:F812.2/6] 在馆    
唐山师范学院图书馆 欢迎您!
大连网信软件有限公司© 版权所有